Zagadnienia o dyktatorach - klikanie - Statystyki

Ogólne statystyki
  • Ten quiz został rozwiązany 3 560 razy
  • Średni wynik to 13 z 20
Statystyki odpowiedzi
Hint Odpowiedź % Poprawnych
Popełnił samobójstwo
91%
Złożył podanie do szkoły artystycznej, lecz został odrzucony
89%
Urodził się na terenie Gruzji
82%
Napisał książkę pod tytułem "Moja walka"
79%
Została wykonana na nim egzekucja
78%
Odwiedził Jałtę, Poczdam i Teheran
75%
Walczył w I wojnie światowej
74%
Zaatakował Indie
73%
Jego „Wielki skok naprzód” zabił dziesiątki milionów ludzi
68%
Urodził się w XX wieku
64%
Studiował żeby zostać księdzem
61%
Miał blizny na twarzy od ospy w dzieciństwie
58%
Jego cytaty zebrano w „Czerwonej książeczce”
57%
Był przywódcą „Długiego Marszu”
57%
Miał dwie żony w tym samym czasie
55%
Przez 99,99% swojego życia był kawalerem
50%
Zlecił napisanie książki własną krwią
47%
Używał broni chemicznej
38%
Uścisnął dłoń Richarda Nixona
32%
Oskarżył swoich żydowskich lekarzy o próbę zabicia go
23%
Nie znaleziono quizów pasujących do podanych kryteriów
Rozkład punktacji
Procent ludzi z każdym wynikiem
Percentyl według liczby udzielonych odpowiedzi
Twoja historia wyników
Nie rozwiązałeś tego quizu